00601cam a22002171 4500001001300000003000400013005001700017008004100034010001700075035002000092040001800112050001400130100002600144245002800170260001100198300002500209500001600234504008500250651003100335999001700366sa 68002240 DLC20260227112441.0890713s1967 ii b 000 0 beno  asa 68002240  a(OCoLC)20006649 aDLCcWaUdDLC00aPK15b.H31 aHaldar, Gopal,d1902-10aBhāratera bhāshā. c[1967] a[10], 133 p.c23 cm. aIn Bengali. aBibliographical references included in list of abbreviations: p. [6] (1st group) 0aIndiaxLanguagesxHistory. c78553d78553